| 000 | 00454nam a2200169Ia 4500 | ||
|---|---|---|---|
| 008 | 151021s9999 xx 000 0 und d | ||
| 020 | _a72422548 | ||
| 050 | _aHN90.A3T352001 | ||
| 245 | _a_Taking sides issues in Mass media and society | ||
| 250 | _a6th ed. | ||
| 260 | _aUSA MCgraw-hill 2001 | ||
| 300 | _axviii,372p. | ||
| 500 | _aIncludes index | ||
| 650 | _a_Mass media | ||
| 700 | _a_Jarice Hanson | ||
| 980 | _a^d20130530 05:52:01^oanne | ||
| 999 |
_c5519 _d5519 |
||